| 000 | 01244cam a2200325 i 4500 | ||
|---|---|---|---|
| 001 | 40712 | ||
| 003 | Mx-PuUPA | ||
| 005 | 20221213094801.0 | ||
| 008 | 140415s2018 enkad fr 001 0 eng d | ||
| 020 | _a9781788997058 | ||
| 040 |
_aMx-PuUPA _bspa _cMx-PuUPA _dMx-PuUPA _erda |
||
| 041 | 0 | _aeng | |
| 100 | 1 |
_aLabbe, Pablo, _eautor |
|
| 245 | 1 | 0 |
_aQlik sense cookbook : _bover 80 recipes on data analytics to solve business intelligence challenges / _cPablo Labbe, Philip Hand, Neeraj Kharpate |
| 250 |
_aSecond edition / _baugust |
||
| 264 | 1 |
_aBirmingham, UK : _bPackt Publishing, _c©2018 |
|
| 300 |
_axii, 314 páginas : _bilustraciones, gráficas ; _c24 cm |
||
| 336 |
_2rdacontent _atexto _btxt |
||
| 337 |
_2rdamedia _asin medio _bn |
||
| 338 |
_2rdacarrier _avolumen _bnc |
||
| 650 | 7 |
_aSistemas de Información Gerencial _2armarc |
|
| 650 | 7 |
_aInteligencia empresarial: programas de computadora _2armarc |
|
| 700 | 1 |
_aHand, Philip, _eautor |
|
| 700 | 1 |
_aKharpate, Neeraj, _eautor |
|
| 942 |
_2ddc _cLI _iL112 _h005.54 |
||
| 999 |
_c40712 _d40712 |
||